| 000 | 00369cam a22001097a 4500 | ||
|---|---|---|---|
| 008 | 180718b1969 xxu||||| |||| 00| 0 eng d | ||
| 082 | _aR06x54 In2 sg | ||
| 245 |
_aReport of the study group on employment and training _cby National Commission On Labour |
||
| 260 |
_aDelhi _bManager Of Publications _c1969 |
||
| 300 | _a163p. | ||
| 700 | _aIndia.National Commission On Labour | ||
| 999 |
_c496037 _d496037 |
||